000 00394nam a22001697a 4500
003 OSt
005 20211108142221.0
008 211108b |||||||| |||| 00| 0 eng d
020 _a9780761948537
040 _cHU
082 _a306.36/EDG
100 _aSTEPHEN EDGELL
_917279
245 _aTHE SOCIOLOGY OF WORK
260 _aLONDON
_bSAGE
_c2006
300 _a244P
942 _2ddc
_cBOOKS
_n0
999 _c17143
_d17143